LEADER 01010nam a2200229 i 4500 001 000000231754 003 CaOOAMICUS 005 20140811000000.0 008 140811s2001 it u000 u ita u 013 $a210657 040 $aSeMil$bita 100 1 $aCaprioli, Adriano,$c.$0(OLS)http://semarc/name/206 245 10$aC'è qualcuno in casa? :$bLettera alle famiglie /$cAdriano Caprioli. 260 $aReggio Emilia :$b[s.n.],$c2001. 300 $a39 p. ;$c21 cm. 500 $aSupplemento a : La Libertà, Settimanale d'informazione della Diocesi di Reggio Emilia. 650 4$aCaprioli, Adriano - Insegnamenti - Famiglie.$0(OLS)http://semarc/subject/36446 850 $aSeMil 852 $aSeMil$W1$xVenegono$y1$m5A XII 1/59$j182100$B182100$CSeMilBibl$Z2$F193140 $81 961 $aOmaggio: Altro 996 $6245$aC'è qualcuno in casa? :$bLettera alle famiglie$9(OLS)http://semarc/title/330840 996 $6260$aReggio Emilia :$b[s.n.]$9(OLS)http://semarc/publisher/30966 LEADER 01744nam a2200337 i 4500 001 000000048762 003 CaOOAMICUS 005 20220823144153.0 008 150402s1788 it u000 u ita u 013 $a19932 026 $ae-ne o.a- t?em sooc (3) 1788 (R) 040 $aSeMil$bita 100 0 $aPier Maria : da Pederoba,$c.$0(OLS)http://semarc/name/24149 245 10$aPanegirici e discorsi sacri recitati in varj incontri, e luoghi dal p. Pier-Maria da Pederoba, detto il Pietrarossa .. 260 $aIn Vicenza :$bPer Giacomo Leoni conduttor della Dita Gio:Batista Vendramini Mosca,$c1788. 300 $aXII, 356 p., [1] carta di tav. :$britr. ;$c4°. 500 $aVignetta xilogr. sul front. 500 $aSegn.: a6 A-2X4 2Y2 500 $aIniz. xilogr. 500 $aStemma calcogr. del conte Marcantonio Trissino a c. a2r. 500 $aRitratto calcogr. dell'A. inciso da Innocente Alessandri 650 4$aPanegirici sacri.$0(OLS)http://semarc/subject/5165 700 1 $aAlessandri, Innocente .$0(OLS)http://semarc/name/24152 700 1 $aVendramini Mosca, Giambattista,$c.$0(OLS)http://semarc/name/24151 710 0 $aLeoni, Giacomo$c.$0(OLS)http://semarc/name/24150 850 $aSeMil 852 $aSeMil$W1$xVenegono$y1$m3D V 113 FA$j14917$B14917$CSeMilBibl$Z2$F14917 $8I 961 $aOmaggio: Biblioteca Seminario Duomo 996 $6245$aPanegirici e discorsi sacri recitati in varj incontri, e luoghi dal p. Pier-Maria da Pederoba, detto il Pietrarossa ..$9(OLS)http://semarc/title/73833 996 $6260$aIn Vicenza :$bPer Giacomo Leoni conduttor della Dita Gio:Batista Vendramini Mosca$9(OLS)http://semarc/publisher/41061